000
00289nam a22001337a 4500
008
170322b xxu||||| |||| 00| 0 eng d
020
_a
9780195145090
041
_a
eng
080
_a
616.8
100
_a
7
101
_a
SHM
245
_a
BRAVE NEW BRAIN
_c
ANDREAEASEM.N.C
942
_2
udc
_c
BK
999
_c
8354
_d
8354